Statistics for Bordering Countries by Capital City #18

Click here to take the quiz!

General Stats

  • This quiz has been taken 25 times
  • The average score is 7 of 7

Answer Stats

Answer% Correct
Serbia
100%
Romania
96%
Slovakia
96%
Slovenia
96%
Ukraine
96%
Austria
92%
Croatia
92%

Score Distribution

Percentile by Number Answered

Percent of People with Each Score

Your Score History

You have not taken this quiz